| 000 | 00548nam a2200193Ia 4500 | ||
|---|---|---|---|
| 999 |
_c22478 _d22478 |
||
| 003 | OSt | ||
| 005 | 20200206141747.0 | ||
| 008 | 190216s9999||||xx |||||||||||||| ||und|| | ||
| 020 | _a8172048084 | ||
| 040 | _coclc | ||
| 082 |
_a297.122 _bISL/Q |
||
| 100 |
_a Islahi, Sadrudheen _91862 |
||
| 245 | 0 |
_aQurane Parichayappeduka / _cSadrudheen Islahi |
|
| 250 | _a6th ed. | ||
| 260 |
_bIslamic Publishing House, _c2002. _aKozhikode: |
||
| 300 | _a137p | ||
| 650 | _aQur`An | ||
| 942 |
_cBK _2ddc _h297.122 _iISL/Q _k297.122 _mISL/Q |
||